| 000 | 01577nam0a2200385 4500 | ||
|---|---|---|---|
| 001 | RU\NLR\BIBL_A\022728955 | ||
| 005 | 20260416112516.0 | ||
| 010 |
_a978-5-389-24734-5 _94000 |
||
| 021 |
_aRU _bКН-П-25-079153 _9КН-П-25-7674 |
||
| 035 | _a(NLR Aleph) 022728955 | ||
| 090 |
_a13693064 _c13693064 |
||
| 100 | _a20260217d2025 u y0rusy50 ca | ||
| 101 | 0 | _arus | |
| 102 | _aRU | ||
| 105 | _aach z 000ay | ||
| 181 | 0 |
_ai3 _baxxe |
|
| 181 | 0 |
_ab2 _bxb2e |
|
| 182 | 0 | _an | |
| 200 | 1 |
_aСеверное сердце _eрассказы, стихи, сказки _fБорис Шергин _gиллюстрации автора и Юрия Коваля |
|
| 203 |
_aТекст _aИзображение _bвизуальные _cнепосредственные |
||
| 210 |
_aСанкт-Петербург _cАзбука _d2025 (макет 2026) |
||
| 215 |
_a892, [1] с., [8] л. ил., цв. ил., портр., факс. _cпортр., ил. _d22 |
||
| 225 | 1 |
_aРусская литература _iБольшие книги _eБК |
|
| 300 | _aНа 4-й с. обл. авт.: Борис Шергин, рус. писатель, сказочник, фольклорист и художник | ||
| 333 | _a16+ | ||
| 686 | 0 | _aШ9(2)62=Р7я44 | |
| 686 | 2 | _aШ6(2=Р)7я44 | |
| 700 | 1 |
_aШергин _bБ. В. _f1896-1973 _gБорис Викторович _3RU\NLR\AUTH\7716844 |
|
| 702 | 1 |
_aКоваль _bЮ. И. _gЮрий И |
|
| 942 | _cBOOK | ||
| 980 | _aNB | ||